banner-ar

الرياضة واللياقة / (Record no. 60445)

MARC details
000 -الفاتح
حقل البيانات ثابتة الطول 01177nam a2200289 4500
005 - وقت وتاريخ اخر تعامل مع التسجيلة
رقم الضبط 20240530110410.0
008 - عناصر البيانات ثابتة الطول - معلومات عامة
حقل البيانات ثابتة الطول 150215s2011 ua oc a 001 0 ara d
017 ## - رقم الايداع القانونى
رقم الايداع القانونى 10795/2010
المصدر مصر . دار الكتب المصرية
020 ## - الرقم الدولى المعيارى للكتب
الرقم الدولى المعيارى للكتاب 9771418912
040 ## - مصدر الفهرسة
وكالة الفهرسة الأصلية EG-CaGPL
041 0# - رمز اللغة
رمز لغة النص/ المسارات الصوتية أو العنوان الانفرادي ara
082 04 - رقم تصنيف ديوى العشرى
رقم الطبعة 21
رقم التصنيف 613.04
رقم المادة ط/ن ط
100 1# - المدخل الرئيسى - إسم شخصى
الإسم الشخصى جريتهيد ، هيلين
الشكل الأكمل للاسم هيلين جريتهيد
245 12 - بيان العنوان
العنوان الرياضة واللياقة /
بيان المسئوليه,etc تاليف هيلين جريتهيد ؛ ترجمة عواطف علاء الدين ؛ اشراف داليا محمد ابراهيم
250 ## - بيان الطبعة
بيان الطبعة ط1
260 ## - PUBLICATION, DISTRIBUTION, ETC. (IMPRINT)
تاريخ النشر أو التوزيع 2011
300 ## - الوصف المادى
التعداد 44 ص :
تفاصيل ماديه اخرى للوعاء ايض ؛
أبعاد الوعاء 30 سم
490 0# - بيان السلسلة
عنوان السلسلة طريقك الى النمو
650 04 - المدخل الاضافى بالموضوع-مصطلح موضوعى
مصطلح موضوعي الرياضة البدنية
650 04 - المدخل الاضافى بالموضوع-مصطلح موضوعى
مصطلح موضوعي اللياقة البدنية
650 04 - المدخل الاضافى بالموضوع-مصطلح موضوعى
مصطلح موضوعي الالعاب الرياضية
650 04 - المدخل الاضافى بالموضوع-مصطلح موضوعى
مصطلح موضوعي التمرينات الرياضية
700 0# - المدخل الاضافى - اسم شخصى
الإسم الشخصى عواطف علاءالدين عمر
الدور مترجم
700 0# - المدخل الاضافى - اسم شخصى
الإسم الشخصى داليا محمد ابراهيم
الدور مشرف
942 ## - عناصر المدخل الإضافي( كوها)
مصدر التصنيف او مخطط الترفيف Dewey Decimal Classification
Koha [default] item type كتاب
260 ## - PUBLICATION, DISTRIBUTION, ETC. (IMPRINT)
-- القاهرة
-- نهضة مصر للطباعة والنشر والتوزيع ،
Holdings
حالة التراجع حالة الفقد حالة تلف ليس للاعارة المكان المؤقت الموقع الحالى تاريخ الاكتساب اجمالي اﻻعارات رقم الطلب الباركود تاريخ اخر مشاهدة تاريخ تفعيل السعر نوع وعاء كوها
        مكتبة القاهرة الكبرى مكتبة القاهرة الكبرى 02/15/2015   613.04 ط/ن ط 159499 02/15/2015 02/15/2015 كتاب

Powered By

EGPV